000 00834cam a2200277Ia 4500
001 46528
005 20230410120831.0
008 040224s1980 sp 000 0 spa d
035 _a(OCoLC)ocm54473806
040 _aUBP
_cUBP
035 _a(OCoLC)54473806
050 1 4 _aHX 40
_bM271i 1980
082 0 0 _a335.4
100 1 _aMandel, Ernest,
_d1923-1995.
245 1 0 _aIntroducción al marxismo /
_cErnest Mandel; tr. Angels Martínez Castells.
260 _aSanto Domingo :
_bAlfa & Omega,
_c1980.
300 _a223 p. ;
_c18 cm.
490 0 _aCuadernos Anagrama.
500 _aTranslation of: Introduction au marxisme.
504 _aIncludes bibliographies.
650 0 _aCommunism.
700 1 _aMandel, Ernest.,
_d1923-1995
_tIntroducción al marxismo.
942 _2lcc
_cbk
946 _almminaya
994 _aC0
_bDRFGD
999 _c52765
_d52765